| 000 | 00733nam a22002657a 4500 | ||
|---|---|---|---|
| 001 | BR2023002208 | ||
| 003 | BR-BrBNA | ||
| 005 | 20231213155055.0 | ||
| 008 | 231213b bl.||||| |||| 00| 0 por d | ||
| 040 |
_aBR-BrBNA _bpor |
||
| 041 | _apor | ||
| 072 | _aE40 | ||
| 090 | _aE40 BR2023002208 | ||
| 110 | 1 |
_99582 _aSistema OCB, Brasília, DF (Brasil) |
|
| 245 | _aPropostas do Sistema OCB à Presidência da República 2015-2018 | ||
| 260 |
_aBrasília, DF (Brasil) _c[nd] |
||
| 300 | _a60 p. | ||
| 500 | _aPublished 2014?; 9 illus.; 3 tables | ||
| 650 | _aCOOPERATIVISMO | ||
| 650 | _aCOOPERATIVA | ||
| 650 | _aDESENVOLVIMENTO COOPERATIVISTA | ||
| 650 | _aLEGISLAÇÃO | ||
| 909 |
_a202312 _bFernando |
||
| 942 | _cBK | ||
| 999 |
_c260007 _d260007 |
||